000 00632nam a2200205 i 4500
001 61174
003 ES-MaACL
005 20250716063242.0
007 t|
008 031110s1915 sp ||||1| spa d
080 _a7.041-055.2
100 1 _aEulate, Carmela,
_d1871-1961
_948325
245 1 3 _aLa mujer en el arte /
_cCarmela Eulate Sanjurjo ; prólogo de Hipólito González Rebollar.
260 _aSevilla :
_bF. Díaz,
_c1915.
300 _a456 p. ;
_c25 cm.
650 4 _aMujeres-
_xEn el arte.
_9146791
700 1 _aGonzález Rebollar, Hipólito.
_958902
852 4 _aES-MaACL
_jF-1743
999 _c61174
_d61174